00331nam a22001097a 4500003000400000245004400004260003100048300000800079942001200087952010500099999001700204SGT aJournal of Clinical Pediatric Dentistry bTurpin Distribution c2021 a445 2ddccBV 00102ddc405171aFDbFDd2025-03-12hVol.45iSGTUl0pPD1253r2025-03-12 00:00:00w2025-03-12yBV c30266d30266